Les 100 prénoms de garçon les plus donnés en 2021 - Statistiques

Statistiques générales
  • Ce quiz a été pris 3 018 fois
  • Le résultat moyen est 27 sur 100
Statistiques - réponses
Hint Réponse % Correct
2 Léo
75%
5 Louis
68%
6 Lucas
68%
13 Paul
65%
23 Théo
61%
8 Jules
59%
1 Gabriel
56%
9 Hugo
56%
96 Jean
55%
74 Noa
54%
65 Thomas
54%
21 Tom
54%
27 Mathis
52%
57 Mathéo
51%
34 Antoine
50%
31 Enzo
50%
18 Nathan
50%
54 Maxime
49%
3 Raphaël
49%
4 Arthur
48%
60 Alexandre
45%
10 Maël
42%
19 Mohamed
39%
14 Ethan
38%
29 Victor
38%
43 Clément
37%
26 Martin
36%
39 Valentin
36%
50 Yanis
36%
24 Noé
35%
30 Timéo
35%
25 Léon
34%
47 Baptiste
33%
90 Charles
33%
17 Gabin
33%
16 Sacha
33%
7 Adam
32%
11 Liam
32%
12 Noah
32%
33 Axel
31%
100 Elio
31%
49 Maxence
31%
58 Simon
31%
45 Samuel
29%
28 Nolan
28%
55 Evan
27%
94 Adrien
24%
64 Camille
23%
40 Rayan
23%
35 Robin
23%
51 Malo
22%
37 Naël
22%
97 Charly
21%
48 Gaspard
21%
87 William
20%
20 Aaron
19%
32 Marius
19%
56 Nino
19%
44 Eliott
18%
66 Milo
18%
75 Oscar
18%
22 Éden
17%
41 Augustin
16%
98 Esteban
16%
85 Noam
16%
70 Lenny
15%
15 Tiago
15%
36 Isaac
14%
81 Joseph
14%
88 Ali
13%
92 Antonin
13%
46 Marceau
13%
80 Mathys
13%
78 Pablo
13%
79 Diego
12%
77 Léandre
12%
68 Côme
11%
95 Marin
10%
71 Soan
10%
89 Basile
9%
76 Ilyes
9%
69 Owen
9%
38 Amir
8%
67 Ismaël
8%
63 Kaïs
8%
59 Lyam
8%
42 Ayden
7%
52 Ibrahim
7%
53 Sohan
7%
73 Kilyan
6%
93 Logan
6%
99 Noham
5%
91 Thiago
5%
83 Youssef
5%
61 Imran
4%
62 Naïm
4%
86 Adem
3%
82 Ayoub
3%
72 Ilyan
3%
84 Wassim
3%
Aucun quiz correspondant
Distribution des résultats
% des personnes avec chaque résultat
Percentile par nombre de réponses
Votre historique - résultats
Vous n’avez pas pris ce quiz